00776nam a22002057a 450000500170000001000150001702000240003203500130005603700130006908200110008224501410009326000390023427000460027330000280031950000190034770000340036694200250040099900170042595201280044220100814095637.0 aENG-100197 c1450.00a8184241550 aEN-83729 bDBAD/PUB a006.35 aProceeding of first Indian conference on computational intelligence and information security /bedited by G. S. R. Emil Selvan...[et.al] aNew DelhibAllied Publishersc2007 a1/13-14, Asaf Ali RoadbNew Delhie110002 axvi, 228 p. c24cm (Hb) aIncludes index 912834aSelvan, G. S. R. Emil  2ddccENh006.35mPRO c41787d41787 001040718NFICaDBADbDBADd2010-08-14g1450.00l0o006.35 PROpEN-83729r2010-08-14 00:00:00t1v1450.00w2010-08-14yEN